« Retourner aux résultats de recherche
petit jardinier extraordinaire (Le)
| Auteur principal: | Sam Boughton |
|---|---|
| D'autres auteurs: | Catherine Gibert Traducteur |
| Support: | Livres |
| Langue: | Francais |
| Publié: |
2019 Gallimard jeunesse Paris Cedex 07 |
| Genre: |
Album |
| Sujets: | |
| Étiquettes: |
Ajouter
Pas de Tags !
|
| LEADER | 00639nam0a2200181 450 | ||
|---|---|---|---|
| 001 | 16832852 | ||
| 010 | |a 978-2-07-512284-9 |b rel. |d 14,9 | ||
| 100 | |a 20190412d2019 u u0frey01 ba | ||
| 101 | 1 | |a fre |c eng | |
| 102 | |a FR | ||
| 200 | 0 | |a petit jardinier extraordinaire (Le) |f Sam Boughton |g [traduction de Catherine Gibert] | |
| 207 | 1 | |a | |
| 210 | |a Paris Cedex 07 |b 5, rue Sebastien-Bottin |c Gallimard jeunesse |d 2019 | ||
| 700 | 0 | |a Boughton |b Sam |4 70 | |
| 702 | 0 | |a Gibert |b Catherine |c Traducteur |4 730 | |
| 900 | |a Album | ||
| 901 | |a Accessible au prêt | ||
| 995 | |a Bibliothèque |c Bibliothèque |f 024020056 |h 024020056 |k A BRO |o p |q j |r az |e Bibliothèque | ||
